| 000 | 00802nam a22001817a 4500 | ||
|---|---|---|---|
| 999 |
_c63450 _d63450 |
||
| 003 | Ge_BSU | ||
| 005 | 20251013151747.0 | ||
| 008 | 251013s1962 ge ||||| |||| 00| 0 geo d | ||
| 041 | _ageo | ||
| 080 | _a338.45:69 ბ-20 | ||
| 100 |
_aბალავაძე, მ. _9777 |
||
| 245 |
_aმშენებლობის ეკონომიკის ძირითადი საკითხების შესახებ / _cმ. ბალავაძე, ს. იობაძე. |
||
| 264 |
_aთბილისი : _bსაბჭ. საქართველო, _c1962. |
||
| 300 |
_a157 გვ. ; _b 20 სმ. |
||
| 653 | _aმშენებლობის ეკონომიკა. | ||
| 700 |
_aიობაძე, ს. _eავტორი _926012 |
||
| 942 |
_2udc _cᲬᲘᲒᲜᲘ |
||